[Event "19th Czech Chladek & Tintera A Open"]
[Site "Pardubice CZE"]
[Date "2008.07.18"]
[Round "1"]
[White "Spence,D"]
[Black "Vocaturo,D"]
[Result "0-1"]
[WhiteElo "2221"]
[BlackElo "2417"]

1.e4 c5 2.c3 Nf6 3.e5 Nd5 4.d4 cxd4 5.Nf3 d6 6.cxd4 e6 7.Bc4 Be7 8.O-O O-O
9.Qe2 Nc6 10.exd6 Qxd6 11.Nc3 Nxc3 12.bxc3 b6 13.Bd3 Bb7 14.Qe4 g6 15.Rd1 Rac8
16.Bh6 Rfe8 17.Rac1 Na5 18.Qg4 Nc4  0-1

[Event "19th Czech Chladek & Tintera A Open"]
[Site "Pardubice CZE"]
[Date "2008.07.18"]
[Round "1"]
[White "Shcherbin,M"]
[Black "Potapov,P"]
[Result "0-1"]
[WhiteElo "2222"]
[BlackElo "2418"]

1.e4 c5 2.c3 Nf6 3.e5 Nd5 4.d4 cxd4 5.Nf3 Nc6 6.cxd4 g6 7.Nc3 Nxc3 8.bxc3 Bg7
9.Bd3 d6 10.exd6 Qxd6 11.O-O O-O 12.a4 Rd8 13.Bg5 Be6 14.Re1 Rac8 15.Rb1 Na5
16.Qd2 Qa3 17.Ra1 Qxc3 18.Qxc3 Rxc3 19.Bxe7 Rd7 20.Bb4 Rxd3 21.Bxa5 b6 22.Bb4 Bxd4
23.Nxd4 R7xd4 24.Be7 Kg7 25.Ba3 Rb3 26.h3 h6 27.Bc1 Rd5 28.Be3 g5 29.Rec1 Rb4
30.Kh2 Kg6 31.Kg1 Re4 32.a5 Rxa5 33.Rxa5 bxa5 34.Bxa7 a4 35.Bc5 Re2 36.Ra1 Bb3
37.Bb4 Rc2 38.Be7 f5 39.Bb4 f4 40.Rd1 Kf5 41.Rd8 h5 42.Ra8 g4 43.Ra5+ Ke4
44.hxg4 hxg4 45.Bd6 Rc6 46.Bb8 Rf6  0-1

[Event "17th ch-MKD"]
[Site "Struga MKD"]
[Date "2008.07.19"]
[Round "6"]
[White "Temkov,B"]
[Black "Nikolovska,D"]
[Result "1-0"]
[WhiteElo "2014"]
[BlackElo "1732"]

1.e4 c5 2.c3 Nf6 3.e5 Nd5 4.d4 cxd4 5.cxd4 d6 6.Nf3 Nc6 7.Bc4 Nb6 8.Bb5 Bd7
9.Nc3 dxe5 10.d5 Nd4 11.Bxd7+ Nxd7 12.Nxe5 Nc2+ 13.Qxc2 Nxe5 14.Bf4 Nd7 15.Qa4 a6
16.O-O g6 17.Rfe1 b5 18.Qd4 f6 19.Re6 Kf7 20.Rae1 Bg7 21.d6 exd6 22.Rxd6 Kf8
23.Rxd7 Qc8 24.Bd6+ Kg8 25.Qd5+  1-0

[Event "Politiken Cup"]
[Site "Helsingor DEN"]
[Date "2008.07.20"]
[Round "2"]
[White "Sylvan,J"]
[Black "Petersen,Nil"]
[Result "1/2-1/2"]
[WhiteElo "2250"]
[BlackElo "2043"]

1.e4 c5 2.c3 Nf6 3.e5 Nd5 4.Bc4 Nb6 5.Bb3 e6 6.d4 cxd4 7.cxd4 d6 8.Nf3 dxe5
9.Nxe5 N8d7 10.Qe2 Nxe5 11.dxe5 Bd7 12.O-O Bc6 13.Nc3 a6 14.Rd1 Qc7 15.Bf4 Be7
16.Ne4 O-O 17.Rac1 Rad8 18.Nd6 Bxd6 19.exd6 Qd7 20.Bg5 Rc8 21.Be7 Bb5 22.Qh5 Rxc1
23.Rxc1 Rc8 24.Rd1 Qc6 25.h4 Qe4 26.Qg5 Nd7 27.Qg3 Rc5 28.Bg5 Qe5 29.Qxe5 Nxe5
30.Be3 Rc8 31.Bb6 Nd7 32.Bc7 Re8 33.f3 f6 34.f4 g6 35.Kf2 Kg7 36.Ba5 e5 37.fxe5 Rxe5
38.Bc3 Re8 39.g4 Kh6 40.Bd2+ Kg7 41.Bc3 Kf8 42.g5 f5 43.h5 Re2+ 44.Kf3 Re8
45.hxg6 hxg6 46.Rd4 Bc6+ 47.Kf2 Re4 48.Rxe4 Bxe4 49.Bd4 b5 50.Ke3 Ke8 51.Be6 Nf8
52.Bc8 a5 53.Bb6 a4 54.Kd4 Nd7 55.Ba5 Bc6 56.a3 f4 57.Bd2  1/2-1/2

[Event "Ch-AY Boys U14"]
[Site "Tehran IRI"]
[Date "2008.07.20"]
[Round "8"]
[White "Fenil,S"]
[Black "Igambergenov,A"]
[Result "1/2-1/2"]
[WhiteElo "2129"]
[BlackElo "2001"]

1.e4 c5 2.c3 Nf6 3.e5 Nd5 4.d4 cxd4 5.Nf3 Nc6 6.cxd4 d6 7.Bc4 e6 8.a3 Nb6
9.Bd3 Nd7 10.exd6 Bxd6 11.Nc3 Nf6 12.O-O O-O 13.Bc2 Ne7 14.Bg5 Ng6 15.Qd3 Be7
16.h4 Re8 17.Rad1 b6 18.Rfe1 Bb7 19.Ba4 Rf8 20.Bc2 Re8 21.Bxf6 Bxf6 22.h5 Nf8
23.Ne5 Bxe5 24.Rxe5 Qh4 25.Rde1 Red8 26.d5 Bxd5 27.Nxd5 Rxd5 28.Rxd5 exd5
29.Qxd5 Rd8 30.Qf3 Ne6 31.Bb3 Ng5 32.Qd5 Rf8  1/2-1/2

[Event "2nd IRT 54th Aniv Martelli"]
[Site "Villa Martelli ARG"]
[Date "2008.07.20"]
[Round "4"]
[White "Granara Barreto,S"]
[Black "Rey,Fa"]
[Result "1/2-1/2"]
[WhiteElo "2257"]
[BlackElo "2113"]

1.e4 c5 2.c3 Nf6 3.e5 Nd5 4.d4 cxd4 5.Nf3 e6 6.cxd4 b6 7.Bd3 d6 8.O-O Nd7
9.a3 Be7 10.Qe2 dxe5 11.Nxe5 Nxe5 12.dxe5 O-O 13.Qe4 g6 14.Bh6 Re8 15.Nd2 Bb7
16.Nf3 Qd7 17.Qe2 Bf8 18.Bb5 Bc6 19.Bxc6 Qxc6 20.Rac1 Qd7 21.Qd2 Be7 22.h4 Rec8
23.Rcd1 Qa4  1/2-1/2

[Event "Politiken Cup"]
[Site "Helsingor DEN"]
[Date "2008.07.21"]
[Round "4"]
[White "Sylvan,J"]
[Black "Schmied,A"]
[Result "1-0"]
[WhiteElo "2250"]
[BlackElo "2089"]

1.e4 c5 2.c3 Nf6 3.e5 Nd5 4.Bc4 e6 5.d4 Nb6 6.Bd3 cxd4 7.cxd4 d6 8.Nf3 dxe5
9.dxe5 N8d7 10.Qe2 Nc5 11.Bc2 Be7 12.Nc3 Bd7 13.O-O O-O 14.b4 Nca4 15.Ne4 Nd5
16.a3 Rc8 17.Qd3 g6 18.Bh6 Re8 19.Nfg5 Nac3 20.Qf3 f5 21.exf6 Bxf6 22.Nd6 Nb5
23.Nxe8 Qxe8 24.Be4 Nd4 25.Qg4 Nf5 26.Bxf5 gxf5 27.Qh4 Bxa1 28.Rxa1 Qg6 29.Nf3 Qf6
30.Qxf6 Nxf6 31.h3 Bc6 32.Rc1 Bd7 33.Rxc8+ Bxc8 34.Ne5 Nd7 35.Nc4 b6 36.Nd6 Ba6
37.b5  1-0

[Event "19th Czech Jihlavanka B Open"]
[Site "Pardubice CZE"]
[Date "2008.07.21"]
[Round "4"]
[White "Baisakow,A"]
[Black "Bujnoch,R"]
[Result "0-1"]
[WhiteElo "2065"]
[BlackElo "2241"]

1.e4 c5 2.c3 Nf6 3.e5 Nd5 4.d4 cxd4 5.Nf3 Nc6 6.cxd4 d6 7.Nc3 e6 8.Nxd5 exd5
9.Bd3 Bg4 10.O-O Be7 11.Qb3 Bxf3 12.gxf3 dxe5 13.Qxb7 Nxd4 14.f4 e4 15.Bb5+ Kf8
16.Ba4 Qc8 17.Qxc8+ Rxc8 18.Re1 Nf3+ 19.Kh1 d4 20.f5 Bd6 21.Bd2 Ke7 22.Ba5 g6
23.f6+ Kxf6 24.Rac1 Ke5 25.Bd7 Rxc1 26.Rxc1 f5 27.b4 h5 28.a4 h4 29.h3 Nd2
30.Rg1 Rg8 31.b5 Nc4 32.Be1 Nb6 33.f4+ Kxf4 34.Be6 Rg7 35.a5 Nd7 36.Bxh4 Ke5
37.Bxd7 Rxd7 38.Rxg6 d3 39.Bf6+ Kf4 40.Kg2 Ke3  0-1

[Event "17th ch-MKD"]
[Site "Struga MKD"]
[Date "2008.07.21"]
[Round "8"]
[White "Temkov,B"]
[Black "Stojkovska,M"]
[Result "1/2-1/2"]
[WhiteElo "2014"]
[BlackElo "1869"]

1.e4 c5 2.c3 Nf6 3.e5 Nd5 4.Nf3 e6 5.Bc4 d6 6.O-O Be7 7.d4 cxd4 8.cxd4 Nc6
9.Bb5 Qc7 10.Nc3 Nxc3 11.bxc3 O-O 12.Qe2 d5 13.Bd3 Na5 14.Bg5 f6 15.exf6 Bxf6
16.Qc2 h6 17.Bxf6 Rxf6 18.Ne5 Nc4 19.Bxc4 dxc4 20.Qa4 b6 21.Rfe1 Bb7 22.Qxc4 Qxc4
23.Nxc4 Raf8 24.f3 Bd5 25.Ne5 Rc8 26.Re3 Rff8 27.a4 Rc7 28.c4 Bb7 29.a5 Rd8
30.axb6 axb6 31.Rb1 Ba6 32.Rxb6 Bxc4 33.Re4 Bd5 34.Re2 Rdc8 35.Kf2 Rc3 36.Rd2 Ra8
37.Rd6 Rc7 38.Nd7 Ra2 39.Rxa2 Bxa2 40.Ne5 Kf8 41.Rc6 Rxc6 42.Nxc6 Ke8 43.Ke3 Bd5
44.Nb4 Bb7 45.Kf4 Kf7 46.Ke5 Ke7 47.Nc2 Ba6 48.Ne3 Bd3 49.f4 g6 50.g4 h5
51.gxh5 gxh5 52.h4 Be2 53.f5 exf5 54.Nxf5+ Kd7 55.Ng3 Bg4 56.Ne4 Bf3 57.Kf4 Bd1
58.Ke5 Bf3 59.Ng5 Bg4 60.d5 Ke7 61.d6+ Kd7 62.Ne4 Be2 63.Nf6+ Kd8 64.Kf5 Bd3+
65.Kg5 Be2 66.Nxh5 Kd7 67.Nf4 Bd1 68.Nd3 Kxd6 69.Nf2 Be2 70.Kf6 Bf3 71.Nd3 Bd1
72.Ne5 Be2 73.Nf7+ Kd7 74.Nh6 Bd1 75.Kg5 Ke6  1/2-1/2

[Event "Ch-AY Boys U14"]
[Site "Tehran IRI"]
[Date "2008.07.21"]
[Round "9"]
[White "Fenil,S"]
[Black "Pranav,S"]
[Result "1-0"]
[WhiteElo "2129"]
[BlackElo "2138"]

1.e4 c5 2.c3 Nf6 3.e5 Nd5 4.d4 cxd4 5.Nf3 e6 6.cxd4 d6 7.a3 Bd7 8.Bd3 Bc6
9.O-O Nd7 10.b4 a6 11.Nbd2 Nc3 12.Qb3 Rc8 13.Qxc3 Bxf3 14.Qb2 Bc6 15.Nc4 Nb6
16.Nxb6 Qxb6 17.Bd2 Be7 18.a4 O-O 19.b5 axb5 20.axb5 Ra8 21.Bb4 Bd5 22.Rxa8 Rxa8
23.Ra1 Rxa1+ 24.Qxa1 g6 25.Qa3 Qxd4 26.Bxd6 Bxd6 27.exd6 Be4 28.d7 Kg7 29.d8=Q Qxd8
30.Qa1+ f6 31.Bxe4  1-0

[Event "XIII Open"]
[Site "Balaguer ESP"]
[Date "2008.07.22"]
[Round "9"]
[White "Aatirah,C"]
[Black "Vilela de Acuna,J"]
[Result "0-1"]
[WhiteElo "1946"]
[BlackElo "2347"]

1.e4 c5 2.c3 Nf6 3.e5 Nd5 4.d4 cxd4 5.Nf3 e6 6.cxd4 b6 7.Nc3 Nxc3 8.bxc3 Qc7
9.Bd2 Bb7 10.Bd3 d6 11.O-O Nd7 12.Bf4 Be7 13.Rc1 Bxf3 14.Qxf3 O-O 15.Qh3 g6
16.Bh6 dxe5 17.Bxf8 Rxf8 18.Bb5 Nf6 19.dxe5 Qxe5 20.a4 Rc8 21.Rfe1 Qc5 22.Qe3 Qa3
23.c4 Qb4 24.Rb1 Qd6 25.Qe5 Qxe5 26.Rxe5 Bc5 27.h3 Rd8 28.Re2 Rd4 29.Rc1 Ne4
30.Rcc2 Kg7 31.Bc6 Nd6 32.Bb5 Ne4 33.Bc6 Nd6 34.Bb5 Bb4 35.Rb2 a5 36.Rbc2 Ne4
37.Rc1 h5 38.g3 Kf8 39.Kg2 Ke7 40.f3 Nd6 41.Rec2 Nf5 42.Re2 Nd6 43.Rec2 Nb7
44.Rf1 Nc5 45.Re2 Kd6 46.Rc2 Nd3 47.Re2 Nc5 48.Ra2 g5 49.Raa1 Nb3 50.Ra2 h4
51.g4 Nc5 52.Rff2 Nd3 53.c5+ bxc5 54.Bxd3 Rxd3 55.Ra1 e5 56.Rff1 Rd2+ 57.Rf2 Rd3
58.Rff1 Rd2+ 59.Rf2 Rd4 60.Rff1 c4 61.Rfd1 c3 62.Kf2 Kc5 63.Ke2 Kc4 64.Ra2 Kb3
65.Raa1 c2 66.Rf1 Bc3 67.Rab1+ cxb1=Q 68.Rxb1+  0-1

[Event "41st Festival MTO"]
[Site "Biel SUI"]
[Date "2008.07.22"]
[Round "2"]
[White "Feuerstack,A"]
[Black "Kovacevic,A"]
[Result "1-0"]
[WhiteElo "2355"]
[BlackElo "2585"]

1.e4 c5 2.c3 Nf6 3.e5 Nd5 4.d4 cxd4 5.Nf3 e6 6.cxd4 d6 7.a3 Bd7 8.Bd3 Bc6
9.O-O Nd7 10.Re1 Qc7 11.Bd2 Rd8 12.Bg5 Be7 13.Bxe7 Nxe7 14.exd6 Qxd6 15.Be4 Bxe4
16.Rxe4 Nf6 17.Re2 Nc6 18.Nc3 O-O 19.Qb3 Rd7 20.Rd1 Rc8 21.h3 b6 22.Qa4 Qb8
23.Ne5 Nxe5 24.dxe5 Rxd1+ 25.Qxd1 Ne8 26.f4 Qc7 27.Rd2 Qc5+ 28.Kh2 Qe3 29.Rd4 Kf8
30.Qa4 h5 31.Qb4+ Kg8 32.Nd1 Qe2 33.Qe7 Rc2 34.Qxe8+ Kh7 35.Qa8  1-0

[Event "83rd ch-ARG s/f"]
[Site "Buenos Aires ARG"]
[Date "2008.07.22"]
[Round "2"]
[White "Pereyra,H"]
[Black "Lanza,L"]
[Result "1/2-1/2"]
[WhiteElo "2001"]
[BlackElo "2188"]

1.e4 c5 2.c3 Nf6 3.e5 Nd5 4.Nf3 Nc6 5.d4 cxd4 6.Bc4 Nb6 7.Bb3 g6 8.Ng5 d5
9.exd6 e6 10.cxd4 Bg7 11.d5 Nxd5 12.Bxd5 exd5 13.Qxd5 O-O 14.O-O Bf5 15.Nc3 Qd7
16.Bf4 Nb4 17.Qd2 Nd3 18.Bg3 Bh6 19.Nce4 f6 20.Qxd3 Bxg5 21.Qc4+ Be6 22.Qd4 Qf7
23.Rfe1 b6 24.Nxg5 fxg5 25.b3 Rad8 26.Rac1 Rd7 27.Qe5 Bf5 28.Rc7 Rfd8 29.f3 Qf8
30.Qd5+ Qf7 31.Qe5 Qf8 32.Rxd7 Bxd7 33.Qxg5 Re8 34.Rxe8 Qxe8 35.Be5 Qc8 36.Qf6 Qc5+
37.Bd4 Qc1+ 38.Kf2 Qd2+ 39.Kg3 Qe1+ 40.Bf2 Qe8 41.h3 Qf7 42.Qd8+ Be8 43.Bd4 h5
44.Qf6 Qxf6 45.Bxf6 Kf7 46.Be5 Ke6 47.Bf4 Kf5 48.Bc1 Ke6 49.Bf4 Kf5 50.h4 Bd7
51.Bc1 Ke6 52.Bf4 Kf5 53.Be3 Ke6 54.Kf4 Kxd6 55.Kg5 Be8 56.Kf6 Kc6 57.g4 Kd6
58.gxh5 gxh5 59.f4 Bc6 60.f5 Kd7 61.Kg7 Ke8 62.f6 Bd5 63.Kg6 Bf7+ 64.Kf5 Kd7  1/2-1/2

[Event "XXVI Andorra Open"]
[Site "La Massana AND"]
[Date "2008.07.22"]
[Round "4"]
[White "Strikovic,A"]
[Black "Rodshtein,M"]
[Result "1/2-1/2"]
[WhiteElo "2512"]
[BlackElo "2605"]

1.e4 c5 2.c3 Nf6 3.e5 Nd5 4.d4 cxd4 5.Nf3 e6 6.cxd4 b6 7.Bd3 Be7 8.Nc3 Nxc3
9.bxc3 Bb7 10.O-O Nc6 11.Nd2 d6 12.exd6 Qxd6 13.Re1 Kf8 14.Nc4 Qc7 15.Qh5 Rd8
16.Bd2 Rd5 17.Qh3 h5 18.f4 Bf6 19.Ne5 Rd8 20.Rac1 Ne7 21.Ng4 Qd6  1/2-1/2

[Event "Dutch Open"]
[Site "Dieren NED"]
[Date "2008.07.23"]
[Round "2"]
[White "Zelbel,P"]
[Black "Pavlovic,Milos"]
[Result "0-1"]
[WhiteElo "2286"]
[BlackElo "2515"]

1.e4 c5 2.c3 Nf6 3.e5 Nd5 4.d4 cxd4 5.Nf3 e6 6.cxd4 d6 7.Bc4 Be7 8.O-O O-O
9.Re1 dxe5 10.dxe5 Na6 11.Nbd2 Nc5 12.Ne4 Nb6 13.Nxc5 Nxc4 14.Qc2 Qd5 15.Nd3 Rd8
16.Nf4 Qc6 17.Qb1 b5 18.b3 Nb6 19.Bb2 Bb7 20.Nd4 Qe8 21.Re3 Nd5 22.Rh3 g6
23.Nxd5 Rxd5 24.Qc1 Bf8 25.Qf4 Rad8 26.Re1 b4 27.Qh4 h6 28.Qf4 Qe7 29.Rg3 Bg7
30.h4 Ra5 31.Bc1 Rxa2 32.Nb5 Rd5 33.Nd6 Ra1 34.Qxb4 Rxe5 35.Rd1 Rd5 36.Rxd5 Rxc1+
37.Kh2 Bxd5  0-1

[Event "19th Czech Chladek & Tintera A Open"]
[Site "Pardubice CZE"]
[Date "2008.07.23"]
[Round "6"]
[White "Potapov,P"]
[Black "Dinger,F"]
[Result "1-0"]
[WhiteElo "2418"]
[BlackElo "2333"]

1.e4 c5 2.c3 Nf6 3.e5 Nd5 4.Nf3 e6 5.d4 cxd4 6.cxd4 d6 7.Bc4 Nb6 8.Bd3 dxe5
9.dxe5 N8d7 10.O-O Nc5 11.Be2 Qxd1 12.Rxd1 Bd7 13.Nc3 Rc8 14.Be3 Be7 15.Rac1 O-O
16.b3 Rfd8 17.Nd4 Be8 18.f4 a6 19.Bf3 Rc7 20.g4 Rdc8 21.Nce2 Nbd7 22.b4 Na4
23.Bxb7 Rxc1 24.Bxc1 Rb8 25.Nc6 Rxb7 26.Nxe7+ Kf8 27.Nc8 Ndb6 28.Nd6 Rb8
29.Bd2 Nd5 30.Rc1 Bd7 31.Nd4 Nb2 32.a3 Nd3 33.Rf1 Ke7 34.Rf3 Nb2 35.Be1 f6
36.Bh4 h6 37.f5 h5 38.exf6+  1-0

[Event "2nd IRT 54th Aniv Martelli"]
[Site "Villa Martelli ARG"]
[Date "2008.07.23"]
[Round "8"]
[White "Granara Barreto,S"]
[Black "Franco,G"]
[Result "1-0"]
[WhiteElo "2257"]
[BlackElo "2044"]

1.e4 c5 2.c3 Nf6 3.e5 Nd5 4.d4 cxd4 5.Nf3 Nc6 6.Bc4 Nb6 7.Bb3 d5 8.exd6 e6
9.cxd4 Bxd6 10.O-O O-O 11.Nc3 Nb4 12.a3 N4d5 13.Bc2 Nxc3 14.bxc3 Qc7 15.Qd3 g6
16.Bb3 Rd8 17.Bg5 Be7 18.Bxe7 Qxe7 19.Rfe1 Bd7 20.Ne5 Be8 21.Qf3 Qc7 22.Ng4 Qc6
23.Qf6 Qxc3 24.Bxe6 fxe6 25.Nh6+  1-0

[Event "1st Open"]
[Site "Paleochora GRE"]
[Date "2008.07.24"]
[Round "5"]
[White "Gaponenko,I"]
[Black "Kryvoruchko,Y"]
[Result "1/2-1/2"]
[WhiteElo "2468"]
[BlackElo "2628"]

1.e4 c5 2.c3 Nf6 3.e5 Nd5 4.Nf3 e6 5.Bc4 b6 6.O-O Bb7 7.d4 Be7 8.Re1 O-O
9.Bf1 cxd4 10.c4 Nc7 11.Nxd4 d6 12.exd6 Bxd6 13.Nc3 Nc6 14.Be3 Qe7 15.Qh5 Nxd4
16.Bxd4 Rfd8 17.Be5 Bxe5 18.Qxe5 Rd7 19.Rad1 Rad8 20.Rxd7 Rxd7 21.Rd1 f6
22.Qe1 e5 23.Rxd7 Qxd7 24.Qd1 Qc6 25.Qd8+ Kf7 26.Qb8 a6 27.Nd5 Nxd5 28.cxd5 Qxd5
29.Qc7+ Kg6 30.Qxb6  1/2-1/2

[Event "19th Czech Chladek & Tintera A Open"]
[Site "Pardubice CZE"]
[Date "2008.07.25"]
[Round "8"]
[White "Sumaneev,D"]
[Black "Jirasek,P"]
[Result "1/2-1/2"]
[WhiteElo "2465"]
[BlackElo "2291"]

1.e4 c5 2.c3 Nf6 3.e5 Nd5 4.Nf3 d6 5.d4 cxd4 6.cxd4 Bg4 7.Bc4 e6 8.O-O Be7
9.Qb3 Nb6 10.Bb5+ N8d7 11.exd6 Bxd6 12.Ne5 Bf5 13.Bf4 Bxe5 14.dxe5 Nd5 15.Bg3 O-O
16.Qa3 a6 17.Be2 Rc8 18.Bf3 Nc5 19.Nc3 Nxc3 20.Qxc3 Ne4 21.Qb4 Nd2 22.Rfd1 Nxf3+
23.gxf3 Qc7 24.Kg2 a5 25.Qb5 Qc5 26.Qxc5 Rxc5 27.Rac1 Rxc1 28.Rxc1 h6 29.Bf4 Rd8
30.b3 b5 31.Rc5  1/2-1/2

[Event "Dutch Open"]
[Site "Dieren NED"]
[Date "2008.07.26"]
[Round "5"]
[White "Michalczak,T"]
[Black "Simutowe,A"]
[Result "0-1"]
[WhiteElo "2297"]
[BlackElo "2459"]

1.e4 c5 2.c3 Nf6 3.e5 Nd5 4.Nf3 e6 5.d4 cxd4 6.cxd4 d6 7.Bc4 Nb6 8.Bd3 dxe5
9.dxe5 Be7 10.O-O N8d7 11.Nc3 Nc5 12.Be2 Bd7 13.Be3 O-O 14.Qd4 Kh8 15.Rfd1 Nca4
16.Nxa4 Bxa4 17.Qxd8 Rfxd8 18.Rxd8+ Bxd8 19.Rc1 Nd5 20.Bd4 Nf4 21.Bf1 Bc6
22.Nd2 Bxg2 23.Bxa7 Bxf1 24.Kxf1 b6 25.Nc4 Rxa7 26.Nxb6 Rxa2 27.f3 g5 28.Rc8 Ra1+
29.Kf2 Rd1 30.Nc4 Kg7 31.b4 Rc1 32.b5 Nd3+ 33.Ke2 Nxe5 34.b6 Rc2+ 35.Kd1 Rxc4
36.b7 Bc7 37.Rxc7 Rb4 38.Kc2 Nxf3 39.Rc3 g4 40.Rc4 Rxc4+ 41.Kb3 Nd2+ 42.Ka3 Rc3+  0-1

[Event "Politiken Cup"]
[Site "Helsingor DEN"]
[Date "2008.07.26"]
[Round "9"]
[White "Struch,T"]
[Black "Svanholm,B"]
[Result "1-0"]
[WhiteElo "2149"]
[BlackElo "2003"]

1.e4 c5 2.c3 Nf6 3.e5 Nd5 4.d4 cxd4 5.cxd4 d6 6.Nf3 Nc6 7.a3 e6 8.Bd3 dxe5
9.dxe5 Be7 10.O-O O-O 11.Re1 Bd7 12.Qc2 h6 13.Qe2 f5 14.exf6 Nxf6 15.b4 Bd6
16.Bb2 Re8 17.Nbd2 e5 18.Ne4 Nd4 19.Nxd4 exd4 20.Bxd4 Nxe4 21.Bxe4 Bc6 22.Qg4 Bxe4
23.Qxg7+  1-0

[Event "ZMD Open"]
[Site "Dresden GER"]
[Date "2008.07.27"]
[Round "9"]
[White "Voigt,R"]
[Black "Savchenko,S"]
[Result "0-1"]
[WhiteElo "2381"]
[BlackElo "2557"]

1.e4 c5 2.c3 Nf6 3.e5 Nd5 4.d4 cxd4 5.Nf3 d6 6.cxd4 Nc6 7.Bc4 Nb6 8.Bb3 dxe5
9.d5 Na5 10.Nc3 Bg4 11.h3 Nxb3 12.axb3 Bxf3 13.Qxf3 g6 14.O-O Bg7 15.Rd1 Nc8
16.d6 Nxd6 17.Nb5 Qd7 18.Nxd6+ exd6 19.Ra6 bxa6 20.Qxa8+ Ke7 21.Qd5 Rc8 22.Be3 Qc6
23.Qd3 e4 24.Qe2 Be5 25.Ra1 f5 26.g3 Qb5 27.Qd2 Ke6 28.Bxa7 Qxb3 29.Qh6 Qxb2
30.Rf1 Qb7 31.Be3 Qg7  0-1

[Event "Stara Pazova"]
[Site "Stara Pazova SRB"]
[Date "2008.07.27"]
[Round "6"]
[White "Skoko,Mil"]
[Black "Sertic,Ru"]
[Result "0-1"]
[WhiteElo "2257"]
[BlackElo "2405"]

1.e4 c5 2.c3 Nf6 3.e5 Nd5 4.g3 Nc6 5.Bg2 Qc7 6.Qe2 e6 7.f4 Nb6 8.Nf3 d6 9.exd6 Bxd6
10.O-O Bd7 11.Na3 a6 12.d3 h6 13.Be3 Ne7 14.Nd2 Nbd5 15.Nac4 Nxe3 16.Qxe3 Nf5
17.Qe2 Be7 18.Be4 Nd6 19.Nxd6+ Bxd6 20.Nc4 Be7 21.Ne5 Bc8 22.Qh5 O-O 23.Ng4 Bd8
24.Ne5 Qe7 25.Rad1 Bc7 26.Nc4 Rb8 27.Rfe1 b5 28.Ne5 Rb6 29.Bg2 a5 30.a3 a4
31.Qe2 Ba6 32.Qc2 Bd6 33.Kh1 Qc7 34.d4 Rd8 35.dxc5 Bxc5 36.Rxd8+ Qxd8 37.Nd3 Be7
38.Ne5 Bc5 39.Nd3 Bf8 40.Rd1 Rd6 41.Nf2 Rxd1+ 42.Qxd1 Qxd1+ 43.Nxd1 Bc5 44.Bc6 Kf8
45.Kg2 Ke7 46.Kf3 Kd6 47.Be8 f6 48.Ne3 Bb7+ 49.Ke2 Bc6 50.Bh5 Be4 51.Kd2 f5
52.Be2 Kc6 53.Bf1 g5 54.Nc2 Bxc2 55.Kxc2 gxf4 56.gxf4 Be3 57.c4 b4 58.axb4 Bxf4
59.h4 Bd6 60.Bg2+ Kc7 61.c5 Be7 62.h5 Bf6 63.Kb1 Bd4 64.Ka2 e5 65.Ka3 e4
66.Kxa4 Kc6 67.Bh3 f4 68.Bf5 Kd5 69.Kb5 f3 70.c6 Be5 71.Bg4 Kd4 72.Kb6 Kd3
73.b5 f2 74.Bh3 e3 75.c7 Bxc7+ 76.Kxc7 e2 77.b6 f1=Q  0-1

[Event "9th Epetium Open"]
[Site "Stobrec CRO"]
[Date "2008.07.27"]
[Round "2"]
[White "Juric Cvitanovic,A"]
[Black "Simunic,N"]
[Result "1-0"]
[WhiteElo "1842"]
[BlackElo "1706"]

1.e4 c5 2.c3 Nf6 3.e5 Nd5 4.Nf3 Nc6 5.d4 cxd4 6.Bc4 e6 7.O-O Nb6 8.Bb3 dxc3
9.Nxc3 a6 10.Bf4 Be7 11.Ne4 O-O 12.Qe2 h6 13.Rfd1 f6 14.Bxe6+ Kh8 15.Bb3 fxe5
16.Nxe5 Nxe5 17.Bxe5 d5 18.Rac1 Qe8 19.Ng3 Bf6 20.Bxf6 gxf6 21.Qd2 Qg6 22.Qb4 Nd7
23.Bxd5 Re8 24.Be4 Qf7 25.Rc7 Qf8 26.Qd4 Ne5 27.f4 Bg4 28.Rf1 Rad8 29.Qc3 Nd7
30.h3 Be6 31.Bxb7 Bxa2 32.b3 Qg8 33.Bc6 Re7 34.Nf5 Rh7 35.Bxd7 Rhxd7 36.Qxf6+  1-0

[Event "Dutch Open"]
[Site "Dieren NED"]
[Date "2008.07.28"]
[Round "6"]
[White "Zelbel,P"]
[Black "Boulahfa,H"]
[Result "1-0"]
[WhiteElo "2286"]
[BlackElo "1985"]

1.e4 c5 2.c3 Nf6 3.e5 Nd5 4.d4 cxd4 5.Qxd4 e6 6.Nf3 d6 7.Nbd2 Nc6 8.Bb5 Bd7
9.Bxc6 Bxc6 10.Nc4 Nb6 11.Nxd6+ Bxd6 12.exd6 Qf6 13.Ne5 Rc8 14.h4 h6 15.Rh3 O-O
16.Nxc6 Rxc6 17.Qxf6 gxf6 18.Bxh6 Rd8 19.Rd1 Rcxd6 20.Rxd6 Rxd6 21.Rg3+ Kh7
22.Bf8 Rd7 23.Bg7 Nd5 24.c4 Nb4 25.Bxf6 Nxa2 26.Rg7+ Kh6 27.g4 Nb4 28.g5+ Kh5
29.g6 Nd3+ 30.Ke2 Nf4+ 31.Kf3  1-0

[Event "13th Open"]
[Site "Creon FRA"]
[Date "2008.07.29"]
[Round "2"]
[White "Pilte,N"]
[Black "Favarel,A"]
[Result "0-1"]
[WhiteElo "1870"]
[BlackElo "2074"]

1.e4 c5 2.c3 Nf6 3.e5 Nd5 4.d4 cxd4 5.Nf3 Nc6 6.Bc4 Nb6 7.Bb3 d5 8.exd6 Qxd6
9.O-O Be6 10.Bxe6 Qxe6 11.Nxd4 Nxd4 12.Qxd4 Rd8 13.Qh4 Qg6 14.Na3 Rd5 15.Bf4 e5
16.c4 Be7 17.Qg3 Qxg3 18.Bxg3 Ra5 19.Nc2 Nxc4 20.b3 Na3 21.Nxa3 Bxa3 22.Rfe1 Bb2
23.Rab1 Bd4 24.Rbd1 O-O 25.a4 Rd5 26.Kf1 Rfd8 27.Bxe5  0-1

[Event "Dutch Open"]
[Site "Dieren NED"]
[Date "2008.07.29"]
[Round "7"]
[White "Burg,B"]
[Black "Lommers,F"]
[Result "0-1"]
[WhiteElo "2055"]
[BlackElo "2171"]

1.e4 c5 2.c3 Nf6 3.e5 Nd5 4.d4 cxd4 5.Nf3 Nc6 6.cxd4 d6 7.Bc4 Nb6 8.Bb3 dxe5
9.d5 Na5 10.Nc3 Bg4 11.Ba4+ Nxa4 12.Qxa4+ Bd7 13.Qe4 f6 14.O-O Rc8 15.Kh1 g6
16.Nd2 Bg7 17.f4 f5 18.Qe3 e4 19.Qxa7 b6 20.Qa6 O-O 21.Qe2 e6 22.dxe6 Bxe6
23.Rd1 Qc7 24.Nf1 Bc4 25.Qf2 b5 26.Ne3 Qa7 27.Qe1 Bd3 28.Ned5 Rfd8 29.Rxd3 exd3
30.Ne7+ Kh8 31.Nxc8 Rxc8 32.Be3 Qd7 33.Rd1 Re8 34.Qf2 Nc4 35.Bc1 Qd4 36.Qxd4 Bxd4
37.g3 Bxc3 38.bxc3 Re2 39.Rxd3 Re1+ 40.Kg2 Rxc1 41.Kh3 Rc2 42.Rd5 Na3 43.Rd7 h6
44.Ra7 Nc4 45.Ra8+ Kg7 46.Ra7+ Kf6 47.Ra6+ Kf7 48.Ra7+ Ke6 49.Ra6+ Nd6 50.a4 bxa4
51.Rxa4 g5 52.fxg5 hxg5 53.g4 Rxc3+ 54.Kg2 f4 55.h4 f3+ 56.Kg3 gxh4+ 57.Kxh4 Ke5  0-1

[Event "CSOB IM CUP"]
[Site "Mlada Boleslav CZE"]
[Date "2008.07.30"]
[Round "5"]
[White "Praznik,N"]
[Black "Plischki,S"]
[Result "0-1"]
[WhiteElo "2378"]
[BlackElo "2402"]

1.e4 c5 2.c3 Nf6 3.e5 Nd5 4.Nf3 Nc6 5.Na3 g6 6.g3 Bg7 7.Bg2 O-O 8.O-O d6
9.exd6 Qxd6 10.d4 cxd4 11.Nb5 Qc5 12.Nbxd4 Rd8 13.Nxc6 bxc6 14.Qa4 Rb8 15.Ng5 Bf5
16.Ne4 Qb5 17.Qxb5 cxb5 18.Re1 Rbc8 19.a3 a6 20.h3 h6 21.g4 Be6 22.Ng3 g5
23.Nh5 Rd7 24.Bf1 Bh8 25.Be2 Nxc3 26.bxc3 Bxc3 27.Be3 Bxe1 28.Rxe1 Rc3 29.Ra1 Bc4
30.Bxc4 Rxc4 31.Ng3 e6 32.Kg2 Rd3 33.Kf3 Kg7 34.Ke2 Rd5 35.f4 gxf4 36.Bxf4 Rxf4  0-1

[Event "13th Open"]
[Site "Creon FRA"]
[Date "2008.07.31"]
[Round "6"]
[White "Diologent,M"]
[Black "Maruejols,C"]
[Result "1-0"]
[WhiteElo "1907"]
[BlackElo "2044"]

1.e4 c5 2.c3 Nf6 3.e5 Nd5 4.d4 cxd4 5.cxd4 Nc6 6.Nc3 Nxc3 7.bxc3 e6 8.Nf3 d6
9.Bf4 Be7 10.Bd3 b6 11.Bb5 Bd7 12.exd6 Bf6 13.O-O g5 14.d5 Nb8 15.Bxd7+ Nxd7
16.dxe6 fxe6 17.Nxg5  1-0

[Event "Dutch Open"]
[Site "Dieren NED"]
[Date "2008.07.31"]
[Round "9"]
[White "Zelbel,P"]
[Black "Van Opheusden,B"]
[Result "1-0"]
[WhiteElo "2286"]
[BlackElo "2172"]

1.e4 c5 2.c3 Nf6 3.e5 Nd5 4.d4 cxd4 5.Nf3 Nc6 6.cxd4 g6 7.Qb3 e6 8.h4 d6
9.h5 Bg7 10.h6 Bf8 11.Bb5 Bd7 12.Nbd2 Be7 13.O-O O-O 14.Ne4 dxe5 15.dxe5 Qc7
16.Bxc6 Bxc6 17.Bg5 Rfd8 18.Bxe7 Qxe7 19.Nfg5 Rac8 20.Rad1 Kh8 21.Qg3 Rc7
22.Nf6 Bb5 23.Rfe1 Ba4 24.b3 Be8 25.Ngxh7 Nc3 26.Rd6 Nxa2 27.Qf4 Rdc8 28.Ng5 Nc3
29.Kh2 b5 30.h7 a5 31.Ng8  1-0

[Event "17th Open"]
[Site "Kavala GRE"]
[Date "2008.07.31"]
[Round "2"]
[White "Gaponenko,I"]
[Black "Perunovic,Mil"]
[Result "1/2-1/2"]
[WhiteElo "2468"]
[BlackElo "2589"]

1.e4 c5 2.c3 Nf6 3.e5 Nd5 4.Nf3 e6 5.Bc4 Nc6 6.O-O d6 7.d4 cxd4 8.cxd4 Be7
9.Qe2 O-O 10.Rd1 Na5 11.b3 Bd7 12.Bxd5 exd5 13.Nc3 Be6 14.Ba3 a6 15.Rac1 Re8
16.Qd2 Nc6 17.Re1 Rc8 18.exd6 Bxd6 19.Bxd6 Qxd6 20.Ne5 Qb4 21.Nxc6 Rxc6 22.Rc2 Rec8
23.Na4 Qxd2 24.Rxd2 b6 25.f3 Kf8 26.Kf2 Bd7 27.Nb2 Bf5 28.Ree2 a5 29.Nd1 Rc1
30.Ne3 Be6 31.Re1 R1c3 32.Ree2 a4 33.bxa4 Ra8 34.Rb2 Rxa4 35.Rxb6 Rxd4 36.Rb8+ Rc8
37.Rxc8+ Bxc8 38.Ke1 Be6 39.Rd2 Rxd2 40.Kxd2 d4 41.Nc2 Bxa2 42.Nxd4  1/2-1/2

[Event "95th ch-GBR"]
[Site "Liverpool ENG"]
[Date "2008.07.31"]
[Round "4"]
[White "Russell,Ch"]
[Black "Rudd,J"]
[Result "0-1"]
[WhiteElo "2036"]
[BlackElo "2345"]

1.e4 c5 2.c3 Nf6 3.e5 Nd5 4.g3 Nc6 5.Bg2 e6 6.Nf3 Qc7 7.Qe2 Be7 8.Na3 a6
9.Nc2 b5 10.d4 Bb7 11.O-O O-O 12.Rd1 Rac8 13.Ne3 Nxe3 14.Bxe3 cxd4 15.cxd4 Nb4
16.Rac1 Qa5 17.a3 Nd5 18.Nd2 b4 19.axb4 Qxb4 20.Ne4 a5 21.h4 Nxe3 22.fxe3 Bd5
23.Qd2 Qxd2 24.Nxd2 Bb4 25.Rxc8 Rxc8 26.Bxd5 exd5 27.Nb3 Rc2 28.Rc1 Rxc1+
29.Nxc1 Bd2 30.Nb3 Bxe3+ 31.Kf1 a4 32.Ke2 Bg1 33.Kf1 Bh2 34.Nc5 Bxg3 35.Nxa4 Bxh4
36.Nb6 Kf8 37.Nxd7+ Ke7 38.Nc5 f6 39.exf6+ Bxf6 40.Nb3 Kd6 41.Ke2 Kc6 42.Kd3 Kb5
43.Nc1 h5 44.Ne2 h4 45.Ke3 Kc4 46.Kf3 g5 47.Kg4 Kd3 48.Ng1 Kxd4 49.Nf3+ Kc4
50.Kf5 Be7 51.Ke6 Bd8 52.Kd7 Bf6 53.Ke6 g4  0-1